Run - OneRepublic - All Lyrics - Statistics

General Stats
  • This quiz has been taken 27 times
  • The average score is 277 of 405
Answer Stats
Answer % Correct
run,
100%
run
100%
run"
100%
Run,
100%
a
95%
I
95%
oh,
91%
the
91%
you
86%
to
82%
When
82%
All
77%
all
77%
boy
77%
Boy,
77%
in
77%
on
77%
was
77%
young
77%
city
73%
day,
73%
day
73%
did
73%
get
73%
it
73%
me
73%
so
73%
So
73%
So,
73%
that
73%
Yeah,
73%
yeah,
73%
yeah
73%
fun
68%
living
68%
Living
68%
old
68%
one
68%
sun
68%
sun,
68%
your
68%
days
64%
have
64%
light
64%
my
64%
said
64%
they
64%
They
64%
up,
64%
up
64%
And
59%
and
59%
at
59%
But
59%
but
59%
could
59%
don't
59%
five
59%
four,
59%
had
59%
just
59%
look
59%
Look
59%
lose
59%
make
59%
say
59%
some
59%
tell
59%
then
59%
You’re
59%
you're
59%
down
55%
fall
55%
gonna
55%
grow
55%
low
55%
Mama
55%
pretty
55%
sky
55%
"Son,
55%
son,
55%
son
55%
three,
55%
until
55%
wall
55%
we
55%
glitter
50%
hit
50%
kid
50%
last
50%
lights,
50%
looking
50%
might
50%
pay,
50%
pay
50%
rising
50%
turn
50%
back,
45%
before
45%
count
45%
gold
45%
got
45%
let's
45%
see
45%
If
41%
if
41%
learned
41%
lesson,
41%
Shining
41%
Staring
41%
blessings
36%
good
36%
high,
36%
need,
36%
take
36%
They’ll
36%
what
36%
Where
36%
every
32%
gave
32%
wanted
32%
Chasing
27%
everything
27%
Lord
27%
luck
27%
morning
27%
single
27%
well,
27%
Didn't
23%
knows
23%
dime
18%
ends
18%
nobody
14%
No matching quizzes found
Score Distribution
Percent of People with Each Score
Percentile by Number Answered
Your Score History
You have not taken this quiz